El Arco y la Lira. El Poema. La revelación poética. Poesía e Historia
Saved in:
| Main Author: | |
|---|---|
| Format: | Unknown |
| Language: | English |
| Published: |
Ciudad de México, México:
Fondo de Cultura Económica,
1972
|
| Edition: | Tercera edición |
| Series: | Sección de Obras de Lengua y Estudios Literarios
Colección Lengua y estudios literarios |
| Subjects: | |
| Tags: |
Add Tag
No Tags, Be the first to tag this record!
|
MARC
| LEADER | 00000 a2200000 4500 | ||
|---|---|---|---|
| 003 | CL-VaPUC | ||
| 005 | 20250120104526.0 | ||
| 008 | 220524b1972 ||||| |||| 00| 0 eng d | ||
| 999 | |c 435567 |d 435565 | ||
| 020 | |a 978-968-16-0782-1 | ||
| 040 | |c Pontificia Universidad Católica de Valparaíso | ||
| 082 | 0 | 4 | |a 801.951 PAZ 1972 |2 21 |
| 100 | |a Paz, Octavio |e autor |9 321638 | ||
| 245 | |a El Arco y la Lira. |b El Poema. La revelación poética. Poesía e Historia | ||
| 250 | |a Tercera edición | ||
| 260 | |a Ciudad de México, México: |b Fondo de Cultura Económica, |c 1972 | ||
| 300 | |a 305 páginas | ||
| 490 | |a Sección de Obras de Lengua y Estudios Literarios | ||
| 490 | 0 | |a Colección Lengua y estudios literarios | |
| 583 | |k Catalogador Asistente |c 20220524 | ||
| 650 | 0 | |a Poesía |9 265825 | |
| 650 | 0 | |a Poética |9 266624 | |
| 942 | |2 ddc |c BK | ||
| 952 | |0 0 |1 0 |4 0 |6 801_951000000000000_PAZ_1972 |7 0 |8 A |9 344721 |a BIBARQ |b BIBARQ |d 2019-11-20 |i 1233041 |l 17 |o 801.951 PAZ 1972 |p 1233041 |r 2025-01-20 |s 2024-04-19 |w 2019-11-20 |y BK |k ARQ | ||
| 952 | |0 0 |1 0 |4 0 |6 801_951000000000000_PAZ_1972 |7 0 |8 A |9 344722 |a FDOPOS |b FDOPOS |d 2019-11-20 |i 287539K |o 801.951 PAZ 1972 |p 287539K |r 2025-01-22 |w 2019-11-20 |y BK |k MLH | ||
| 952 | |0 0 |1 0 |4 0 |6 801_951000000000000_PAZ_1972 |7 0 |8 A |9 344723 |a FDOPOS |b FDOPOS |d 2019-11-20 |i 2875411 |o 801.951 PAZ 1972 |p 2875411 |r 2025-01-22 |w 2019-11-20 |y BK |k MLH | ||
| 952 | |0 0 |1 0 |3 erb |4 0 |6 801_951000000000000_PAZ_1972 |7 0 |8 A |9 344724 |a BIBEDU |b BIBEDU |i 536812K |l 5 |m 6 |o 801.951 PAZ 1972 |p 536812K |r 2024-10-07 |s 2024-10-07 |w 2019-11-20 |y BK |z Catalogado en:20170326 |k LIT | ||
| 952 | |0 0 |1 0 |3 erb |4 0 |6 801_951000000000000_PAZ_1972 |7 0 |8 A |9 344725 |a BIBGIM |b BIBGIM |i 5434726 |l 2 |o 801.951 PAZ 1972 |p 5434726 |r 2025-01-15 |s 2024-08-14 |w 2019-11-20 |y BK |z Catalogado en:20171111 |k SSL | ||
| 952 | |0 0 |1 0 |3 erb |4 0 |6 801_951000000000000_PAZ_1972 |7 0 |8 A |9 344726 |a BIBGIM |b BIBGIM |i 5434718 |o 801.951 PAZ 1972 |p 5434718 |r 2025-01-15 |w 2019-11-20 |y BK |z Catalogado en:20171111 |k SSL | ||
| 952 | |0 0 |1 0 |2 ddc |4 0 |6 801_951000000000000_PAZ_1972 |7 0 |8 A |9 583230 |a BIBART |b BIBART |d 2022-05-24 |e 159 |g 12900.00 |i 5651407 |l 4 |o 801.951 PAZ 1972 |p 5651407 |r 2025-03-13 |s 2023-04-19 |t 7 |v 12900.00 |w 2022-05-24 |y BK |k ART | ||